Szakszervezeti Közlöny. - 7.évf. (1946) 17. sz.

Elmentve itt :
Bibliográfiai részletek
Dokumentumtípus: Folyóirat
Megjelent: 1946
Sorozat:Szakszervezeti Közlöny 7 No. 17
Online Access:http://misc.bibl.u-szeged.hu/56513
LEADER 00479nas a2200133 i 4500
001 misc56513
005 20200602135440.0
008 200602s1946 hu o 0|| zxx d
040 |a SZTE Miscellanea Repozitórium  |b hun 
041 |a zxx 
245 0 0 |a Szakszervezeti Közlöny. - 7.évf. (1946) 17. sz.  |h [elektronikus dokumentum] 
260 |c 1946 
490 0 |a Szakszervezeti Közlöny  |v 7 No. 17 
856 4 0 |u http://misc.bibl.u-szeged.hu/56513/1/szakszervezeti_kozlony_1946_017.pdf  |z Dokumentum-elérés